Días ejemplares de América
I tiakina i:
| Kaituhi matua: | |
|---|---|
| Hōputu: | Pukapuka |
| Reo: | Pāniora |
| I whakaputaina: |
Buenos Aires
Argonauta
1946
|
| Putanga: | 1a. ed |
| Ngā marau: | |
| Ngā Tūtohu: |
Tāpirihia he Tūtohu
Kāore He Tūtohu, Me noho koe te mea tuatahi ki te tūtohu i tēnei pūkete!
|
MARC
| LEADER | 00000cam a2200000 a 4500 | ||
|---|---|---|---|
| 001 | UCZ3358 | ||
| 003 | CL-VaPUC | ||
| 008 | 951020e19460000AG |||||||||||||||||spa|d | ||
| 082 | 0 | 4 | |a 814 |b WHI |2 21 |
| 100 | 0 | |a Whitman, Walt |e author |9 328683 | |
| 245 | 1 | 0 | |a Días ejemplares de América |
| 250 | |a 1a. ed | ||
| 300 | |a 282 p | ||
| 942 | |c BK | ||
| 945 | |d 19951020 00:00:00 |a cmena | ||
| 260 | |a Buenos Aires |b Argonauta |c 1946 | ||
| 650 | 0 | |a Ensayos estadounidenses |9 268384 | |
| 650 | 0 | |a Literatura estadounidense |9 317168 | |
| 583 | |a last modification |c 20170328 09:24:07 |k Rodrigo Vera | ||
| 999 | |c 239839 |d 239837 | ||
| 952 | |0 0 |1 0 |4 0 |6 814_000000000000000_WHI_1946 |7 0 |8 P |9 251274 |a BIBEDU |b BIBEDU |c BIBEDU_PB |d 2019-11-18 |i 1586645 |o 814 WHI 1946 |p 1586645 |r 2024-01-25 |w 2019-11-18 |y BK |k FIL | ||
| 952 | |0 0 |1 0 |4 0 |6 814_000000000000000_WHI_1946 |7 0 |8 P |9 251275 |a BIBARQ |b BIBARQ |d 2019-11-18 |i 2640813 |o 814 WHI 1946 |p 2640813 |r 2025-01-20 |w 2019-11-18 |y BK |k ARQ | ||
| 952 | |0 0 |1 0 |4 0 |6 814_000000000000000_WHI_1946 |7 0 |8 A |9 251276 |a BIBART |b BIBART |d 2019-11-18 |i 1381318 |o 814 WHI 1946 |p 1381318 |r 2025-03-13 |w 2019-11-18 |y BK |k ART | ||
| 952 | |0 0 |1 0 |3 erb |4 0 |6 814_000000000000000_WHI_1946 |7 0 |8 A |9 251277 |a BIBART |b BIBART |i 5239974 |o 814 WHI 1946 |p 5239974 |r 2025-03-13 |w 2019-11-18 |y BK |z Catalogado en:20170331 |k ART | ||